[Event "Vellmarer Schachtage 5th op  A"]
[Site "Vellmar"]
[Date "2013.07.25"]
[Round "1.31"]
[White "Schlachowitsch, Markus"]
[Black "Diener, Carolin Valeria"]
[Result "1-0"]
[WhiteElo "2022"]
[BlackElo "1700"]
[PlyCount "79"]
[EventDate "2013.07.25"]
[EventType "swiss"]
[EventRounds "7"]
[EventCountry "GER"]

{DWZ 1892 DWZ 1623} 1. Nf3 d5 2. b4 e6 3. a3 Nf6 4. Bb2 Nbd7 5. e3 Bd6 6. c4 c6
7. Be2 O-O 8. cxd5 cxd5 9. d4 Nb6 10. Nbd2 Bd7 11. O-O Qe8 12. Qb3 Bb5 13. Bd3
Bxd3 14. Qxd3 h6 15. b5 Rc8 16. a4 Qe7 17. g3 Rfd8 18. Ne5 Bxe5 19. dxe5 Nfd7
20. Bd4 Nc4 21. Bxa7 Ndxe5 22. Qe2 Nxd2 23. Rfd1 Ndc4 24. f4 Ng6 25. Bd4 Ra8
26. e4 Na5 27. Bb6 Rd6 28. Bc5 b6 29. Bxd6 Qxd6 30. Rac1 Nb3 31. Rc6 Qd8 32.
exd5 Ne7 33. dxe6 Nd4 34. exf7+ Kf8 35. Qe4 Nexc6 36. bxc6 Rxa4 37. c7 Qd7 38.
Qe8+ Qxe8 39. fxe8=Q+ Kxe8 40. Rxd4 1-0

[Event "Vellmarer Schachtage 5th op  A"]
[Site "Vellmar"]
[Date "2013.07.25"]
[Round "1.32"]
[White "Soeder, Maximilian"]
[Black "Braun, Ingram"]
[Result "0-1"]
[WhiteElo "1672"]
[BlackElo "2009"]
[PlyCount "50"]
[EventDate "2013.07.25"]
[EventType "swiss"]
[EventRounds "7"]
[EventCountry "GER"]

{DWZ 1525 DWZ 1942} 1. e4 c5 2. Nc3 e6 3. Nf3 a6 4. d4 cxd4 5. Nxd4 Qc7 6. Qd3
Nf6 7. a3 d6 8. Be2 Nbd7 9. Nb3 Be7 10. Be3 b5 11. Rd1 Bb7 12. f3 Rc8 13. O-O
O-O 14. Kh1 d5 15. exd5 Nxd5 16. Nxd5 Bxd5 17. Na1 Rfd8 18. c3 Qc6 19. Nc2 $11
Bc4 20. Qd2 Ne5 21. Nd4 Qb7 22. f4 Bxe2 23. Qxe2 Nc4 24. Nf3 Qe4 25. Nd4 Qxe3
0-1

[Event "Vellmarer Schachtage 5th op  A"]
[Site "Vellmar"]
[Date "2013.07.25"]
[Round "1.33"]
[White "Ulrich, Thomas"]
[Black "Bethke, Richard"]
[Result "1-0"]
[WhiteElo "2005"]
[BlackElo "1616"]
[PlyCount "49"]
[EventDate "2013.07.25"]
[EventType "swiss"]
[EventRounds "7"]
[EventCountry "GER"]

{DWZ --- DWZ 1370} 1. e4 c6 2. d4 d5 3. e5 Bf5 4. Nf3 e6 5. Be2 Qa5+ 6. Nbd2
Ne7 7. O-O Ng6 8. Nb3 Qc7 9. Be3 Nd7 10. Nfd2 f6 11. g4 Be4 12. f3 Bxc2 13.
Qxc2 fxe5 14. Rae1 exd4 15. Nxd4 e5 16. Bd3 exd4 17. Bxg6+ Kd8 18. Bg5+ Nf6 19.
Re8+ Kd7 20. Qf5+ Kd6 21. Bf4+ Kc5 22. Bxc7 Rxe8 23. Qc2+ Kb5 24. Qd3+ Ka4 25.
Qb3# 1-0

[Event "Vellmarer Schachtage 5th op  A"]
[Site "Vellmar"]
[Date "2013.07.26"]
[Round "2.1"]
[White "Kiesel, Harald"]
[Black "Turov, Maxim"]
[Result "0-1"]
[WhiteElo "2140"]
[BlackElo "2588"]
[PlyCount "60"]
[EventDate "2013.07.25"]
[EventType "swiss"]
[EventRounds "7"]
[EventCountry "GER"]

{DWZ 2064 DWZ ----} 1. d4 Nf6 2. c4 c5 3. e3 g6 4. Nc3 Bg7 5. Nf3 O-O 6. Be2
cxd4 7. exd4 d5 8. O-O Nc6 9. cxd5 Nxd5 10. Qb3 Nxc3 11. bxc3 b6 12. Bg5 Be6
13. Qa3 h6 14. Bh4 g5 15. Bg3 f5 16. Bb5 Bd5 17. Bxc6 Bxc6 18. Ne5 Bb7 19. f4
Qd6 20. Qb3+ Kh7 21. Rfd1 Rac8 22. Rac1 Be4 23. fxg5 hxg5 24. Nf7 Qf6 25. Ne5
Rfd8 26. Re1 Bd5 27. Qa3 Qd6 28. Qxd6 exd6 29. Nf3 Kg6 30. c4 Bxf3 0-1

[Event "Vellmarer Schachtage 5th op  A"]
[Site "Vellmar"]
[Date "2013.07.26"]
[Round "2.2"]
[White "Gutman, Lev"]
[Black "Schmidt, Alexander"]
[Result "1-0"]
[WhiteElo "2455"]
[BlackElo "2120"]
[PlyCount "91"]
[EventDate "2013.07.25"]
[EventType "swiss"]
[EventRounds "7"]
[EventCountry "GER"]

{DWZ 2375 DWZ 2080} 1. Nf3 c5 2. g3 d5 3. Bg2 Nc6 4. d4 Nf6 5. O-O cxd4 6. Nxd4
Qb6 7. Nb3 e5 8. Bg5 Be6 9. Bxf6 gxf6 10. Nc3 d4 11. Nd5 Bxd5 12. Bxd5 O-O-O
13. c4 Kb8 14. Nd2 f5 15. Nf3 f6 16. Nh4 f4 17. Be4 d3 18. exd3 Nd4 19. b4 fxg3
20. hxg3 Bh6 21. Qh5 Bg5 22. Nf3 Nxf3+ 23. Qxf3 h5 24. c5 Qc7 25. Kg2 h4 26.
Rh1 Rd4 27. a3 Qd7 28. gxh4 Bf4 29. Qh3 Rg8+ 30. Kf1 Rg4 31. f3 Rxe4 32. fxe4
f5 33. Rd1 Rg3 34. Qxf5 Qg7 35. Qh5 Be3 36. Ke2 Bd4 37. Rdf1 a6 38. Kd2 Rg2+
39. Kd1 Ra2 40. Qg5 Qh8 41. c6 Rxa3 42. Rf7 Ra1+ 43. Kc2 Rxh1 44. Qe7 Rh2+ 45.
Kb3 Rb2+ 46. Ka3 1-0

[Event "Vellmarer Schachtage 5th op  A"]
[Site "Vellmar"]
[Date "2013.07.26"]
[Round "2.3"]
[White "Klauke, Stefan"]
[Black "Langheinrich, Ferenc"]
[Result "1/2-1/2"]
[WhiteElo "2125"]
[BlackElo "2434"]
[PlyCount "124"]
[EventDate "2013.07.25"]
[EventType "swiss"]
[EventRounds "7"]
[EventCountry "GER"]

{DWZ 2081 DWZ 2342} 1. e4 c6 2. d4 d5 3. Nc3 dxe4 4. Nxe4 Nd7 5. Nf3 Ngf6 6.
Nxf6+ Nxf6 7. Be2 e6 8. O-O c5 9. Bg5 Qb6 10. Qd3 Be7 11. dxc5 Qxc5 12. Qb5+
Qxb5 13. Bxb5+ Bd7 14. Bxd7+ Nxd7 15. Rad1 Nc5 16. Rfe1 Rc8 17. Bxe7 Kxe7 18.
c3 Na4 19. Rd2 Rhd8 20. Nd4 Kf6 21. f4 h6 22. Re5 a6 23. Rde2 Rd6 24. f5 Rc5
25. Rxc5 Nxc5 26. fxe6 fxe6 27. Rf2+ Ke7 28. Re2 Kd7 29. Re3 Na4 30. Re2 b5 31.
Nf3 Rd1+ 32. Kf2 Rb1 33. Ne5+ Kd6 34. Nd3 e5 35. Ke3 Nb6 36. Ke4 Nd7 37. Kf5 a5
38. Nxe5 Nxe5 39. Rd2+ Kc5 40. Kxe5 a4 41. Kf5 Ra1 42. a3 Rb1 43. Kg6 Kc4 44.
Kxg7 Kb3 45. Kxh6 Rxb2 46. Rxb2+ Kxb2 47. g4 Kxa3 48. g5 Kb2 49. g6 a3 50. g7
a2 51. g8=Q a1=Q 52. Qg2+ Kb3 53. Qd5+ Kc2 54. Qf5+ Kd2 55. Qf4+ Kd3 56. Qd4+
Kc2 57. Qe4+ Kd2 58. Qd5+ Kc2 59. Qxb5 Qxc3 60. h4 Qf6+ 61. Kh5 Qh8+ 62. Kg4
Qd4+ 1/2-1/2

[Event "Vellmarer Schachtage 5th op  A"]
[Site "Vellmar"]
[Date "2013.07.26"]
[Round "2.4"]
[White "Ivanov, Mikail"]
[Black "Doeserich, Juergen"]
[Result "1-0"]
[WhiteElo "2392"]
[BlackElo "2092"]
[PlyCount "81"]
[EventDate "2013.07.25"]
[EventType "swiss"]
[EventRounds "7"]
[EventCountry "GER"]

{DWZ 2337 DWZ 2023} 1. Nf3 Nf6 2. g3 e6 3. Bg2 d5 4. c4 Nbd7 5. b3 Be7 6. Bb2
O-O 7. O-O c6 8. Qc2 a5 9. Nc3 Re8 10. d4 Bf8 11. Rfd1 Qb6 12. Rac1 Qa6 13. c5
Qa7 14. Na4 Ne4 15. Ne5 f5 16. f3 Nxe5 17. dxe5 Ng5 18. Nb6 Rb8 19. Bd4 Nf7 20.
f4 Be7 21. e3 Bd8 22. a3 Re7 23. b4 Bd7 24. Qa4 Be8 25. bxa5 Bxb6 26. cxb6 Qa8
27. Bc5 Rd7 28. Bf1 g5 29. Rd4 Rbd8 30. a6 Qb8 31. axb7 Rxb7 32. Qb3 h5 33. a4
h4 34. a5 hxg3 35. hxg3 Nxe5 36. fxe5 Qxe5 37. Kf2 Rh7 38. Bg2 Rdd7 39. a6 Rdf7
40. b7 f4 41. b8=Q 1-0

[Event "Vellmarer Schachtage 5th op  A"]
[Site "Vellmar"]
[Date "2013.07.26"]
[Round "2.5"]
[White "Kersten, Uwe"]
[Black "Keil, Roland"]
[Result "1-0"]
[WhiteElo "2289"]
[BlackElo "2062"]
[PlyCount "51"]
[EventDate "2013.07.25"]
[EventType "swiss"]
[EventRounds "7"]
[EventCountry "GER"]

{DWZ 2227 DWZ 1952} 1. e4 e5 2. Bc4 Nc6 3. Nc3 Bc5 4. Qg4 g6 5. Qg3 d6 6. Nge2
Be6 7. Bxe6 fxe6 8. d3 Qf6 9. Na4 Bb6 10. Nxb6 axb6 11. c3 Nge7 12. O-O h6 13.
f4 Kd7 14. Be3 Qg7 15. Rf2 Raf8 16. Raf1 Rh7 17. a4 Qg8 18. b4 exf4 19. Nxf4
Ne5 20. d4 Nc4 21. d5 Nxe3 22. Qxe3 exd5 23. Qh3+ Kd8 24. Nxd5 Rxf2 25. Rxf2
Nc6 26. Nf6 1-0

[Event "Vellmarer Schachtage 5th op  A"]
[Site "Vellmar"]
[Date "2013.07.26"]
[Round "2.6"]
[White "Halt, David"]
[Black "Legde, Georg"]
[Result "0-1"]
[WhiteElo "2099"]
[BlackElo "2335"]
[PlyCount "82"]
[EventDate "2013.07.25"]
[EventType "swiss"]
[EventRounds "7"]
[EventCountry "GER"]

{DWZ 2047 DWZ 2317} 1. e4 c5 2. Nc3 Nc6 3. g3 g6 4. Bg2 Bg7 5. d3 d6 6. Be3 b5
7. Qd2 b4 8. Nd1 e5 9. h3 Nge7 10. Bh6 O-O 11. Bxg7 Kxg7 12. Ne2 Be6 13. O-O
Qd7 14. Kh2 d5 15. exd5 Nxd5 16. f4 Rae8 17. fxe5 Nxe5 18. Nf4 Nxf4 19. Qxf4 f6
20. Nf2 Bd5 21. Bxd5 Qxd5 22. Ne4 f5 23. Nd2 Nc6 24. Nb3 Re2+ 25. Rf2 Rfe8 26.
Raf1 a5 27. a4 Nd4 28. Nxd4 Qxd4 29. Qxd4+ cxd4 30. Kg2 R8e3 31. Rxe2 Rxe2+ 32.
Rf2 Rxf2+ 33. Kxf2 Kf6 34. b3 g5 35. Kf3 h5 36. h4 Kg6 37. Ke2 g4 38. Kf2 Kf6
39. Ke2 Ke5 40. Kf2 f4 41. Kg2 fxg3 0-1

[Event "Vellmarer Schachtage 5th op  A"]
[Site "Vellmar"]
[Date "2013.07.26"]
[Round "2.7"]
[White "Piankov, Evgenij"]
[Black "Kollars, Dmitrij"]
[Result "1/2-1/2"]
[WhiteElo "2264"]
[BlackElo "2026"]
[PlyCount "79"]
[EventDate "2013.07.25"]
[EventType "swiss"]
[EventRounds "7"]
[EventCountry "GER"]

{DWZ --- DWZ 2043} 1. d4 Nf6 2. Nf3 g6 3. Bg5 Bg7 4. Nbd2 O-O 5. c3 d6 6. e4 c5
7. dxc5 dxc5 8. Bc4 Nc6 9. O-O Qc7 10. Qc2 h6 11. Bh4 Nh5 12. Rfd1 Bg4 13. Bg3
Nxg3 14. hxg3 Ne5 15. Be2 Rfd8 16. Nf1 Bxf3 17. gxf3 g5 18. Ne3 e6 19. Ng2 Ng6
20. Rxd8+ Rxd8 21. Rd1 Rxd1+ 22. Qxd1 a6 23. Qd2 Be5 24. Kf1 b5 25. a4 bxa4 26.
Ne3 a3 27. bxa3 Qa5 28. Ng4 Bg7 29. f4 gxf4 30. gxf4 Qb6 31. Qe3 h5 32. Ne5
Nxe5 33. fxe5 Bxe5 34. Bxh5 Qd6 35. Qf3 Bf4 36. Qg4+ Kf8 37. Qh4 Qe5 38. Be2
Bg5 39. Qg4 a5 40. a4 1/2-1/2

[Event "Vellmarer Schachtage 5th op  A"]
[Site "Vellmar"]
[Date "2013.07.26"]
[Round "2.8"]
[White "Stabernack, Joschi"]
[Black "Neumark, Thomas"]
[Result "1-0"]
[WhiteElo "2041"]
[BlackElo "2259"]
[PlyCount "109"]
[EventDate "2013.07.25"]
[EventType "swiss"]
[EventRounds "7"]
[EventCountry "GER"]

{DWZ 1986 DWZ 2124} 1. e4 e5 2. Nf3 Nc6 3. Bc4 Nf6 4. d4 exd4 5. O-O d6 6. Nxd4
Nxd4 7. Qxd4 Be7 8. Nc3 O-O 9. Bf4 Nh5 10. Be3 Bf6 11. Qd2 Bxc3 12. Qxc3 h6 13.
Rad1 Qe7 14. f3 Be6 15. Bd5 c6 16. Bxe6 fxe6 17. e5 d5 18. Bc5 Qg5 19. Bxf8 Nf4
20. Qd2 Rxf8 21. g3 Ng6 22. f4 Qg4 23. Qg2 h5 24. Qf3 Nxe5 25. Qxg4 Nxg4 26.
Rfe1 Kf7 27. h3 Nf6 28. Re5 Ne4 29. Rxe4 dxe4 30. Kf2 e5 31. Ke3 exf4+ 32. gxf4
g5 33. Kxe4 gxf4 34. Kxf4 Ke6+ 35. Ke3 Rg8 36. Rf1 Rg3+ 37. Rf3 Rg2 38. Kd3 h4
39. a4 a5 40. b3 b6 41. c4 Ke5 42. Re3+ Kf5 43. Rf3+ Kg5 44. Ke4 Re2+ 45. Re3
Rf2 46. Rf3 Rxf3 47. Kxf3 Kf5 48. Ke3 Ke5 49. Kf3 Kd4 50. Kg4 Kc3 51. Kxh4 Kxb3
52. Kg5 Kxc4 53. h4 Kd5 54. h5 Ke6 55. Kg6 1-0

[Event "Vellmarer Schachtage 5th op  A"]
[Site "Vellmar"]
[Date "2013.07.26"]
[Round "2.9"]
[White "Braun, Ingram"]
[Black "Heinelt, Manfred"]
[Result "0-1"]
[WhiteElo "2009"]
[BlackElo "2211"]
[PlyCount "70"]
[EventDate "2013.07.25"]
[EventType "swiss"]
[EventRounds "7"]
[EventCountry "GER"]

{DWZ 1942 DWZ 2088} 1. e4 c5 2. Nc3 d6 3. g3 Nf6 4. Bg2 e6 5. Nge2 Be7 6. O-O
Nc6 7. d3 O-O 8. f4 Bd7 9. h3 a6 10. Be3 b5 11. Qd2 b4 12. Nd1 a5 13. c3 bxc3
14. bxc3 Rb8 15. d4 cxd4 16. cxd4 d5 17. e5 Ne4 18. Bxe4 dxe4 19. Nf2 Nb4 20.
Nxe4 Bc6 21. N4c3 Nd5 22. Kh2 Bb4 23. a3 Bxc3 24. Nxc3 Nxc3 25. Qxc3 Qd5 26.
Rf2 Rb3 27. Qd2 Rfb8 28. g4 Qe4 29. Re1 Rd3 30. Qc1 Rbb3 31. Rc2 Rxe3 32. Rxe3
Rxe3 33. Rxc6 Qxf4+ 34. Kg1 Rg3+ 35. Kh1 Qf3+ 0-1

[Event "Vellmarer Schachtage 5th op  A"]
[Site "Vellmar"]
[Date "2013.07.26"]
[Round "2.10"]
[White "Cherny, Andrey"]
[Black "Schlachowitsch, Markus"]
[Result "1-0"]
[WhiteElo "2197"]
[BlackElo "2022"]
[PlyCount "65"]
[EventDate "2013.07.25"]
[EventType "swiss"]
[EventRounds "7"]
[EventCountry "GER"]

{DWZ 2138 DWZ 1882} 1. b3 e5 2. Bb2 Nc6 3. e3 Nf6 4. Bb5 Bd6 5. d4 exd4 6. exd4
O-O 7. Nd2 Re8+ 8. Kf1 Ne4 9. Nxe4 Rxe4 10. Bd3 Re8 11. Qf3 Nb4 12. Be4 Qe7 13.
Re1 g6 14. Re3 Qf8 15. c3 Nc6 16. h4 b6 17. h5 Ba6+ 18. Ne2 Qh6 19. g3 g5 20.
Kg2 Re6 21. Bc1 Rf8 22. c4 Ne7 23. d5 Rf6 24. Qg4 Bc5 25. f4 Bxe3 26. Bxe3 Rd6
27. fxg5 Qg7 28. h6 Qb2 29. Bd4 Qd2 30. Rf1 Ng6 31. Bg7 f5 32. gxf6 Ne5 33. f7+
1-0

[Event "Vellmarer Schachtage 5th op  A"]
[Site "Vellmar"]
[Date "2013.07.26"]
[Round "2.11"]
[White "Schulze, Lara"]
[Black "Van der Auweraert, Elwin"]
[Result "0-1"]
[WhiteElo "1788"]
[BlackElo "2154"]
[PlyCount "60"]
[EventDate "2013.07.25"]
[EventType "swiss"]
[EventRounds "7"]
[EventCountry "GER"]

{DWZ 1604 DWZ ---} 1. d4 Nf6 2. c4 e6 3. Nc3 Bb4 4. a3 Bxc3+ 5. bxc3 b6 6. e3
Nc6 7. Bd3 Ba6 8. e4 Na5 9. Qe2 Nb3 10. Rb1 Nxc1 11. Rxc1 d6 12. f4 Qe7 13. e5
dxe5 14. fxe5 Qxa3 15. Qd1 Nd7 16. Ne2 Bb7 17. O-O Qe7 18. Qc2 a5 19. h3 g6 20.
Ng3 a4 21. Ne4 Bxe4 22. Bxe4 Ra5 23. Bc6 a3 24. Ra1 O-O 25. Qb3 Nxe5 26. dxe5
Qc5+ 27. Kh1 Qxc6 28. Rxa3 Rxe5 29. Rfa1 Re2 30. R3a2 Qxg2# 0-1

[Event "Vellmarer Schachtage 5th op  A"]
[Site "Vellmar"]
[Date "2013.07.26"]
[Round "2.12"]
[White "Rafiee, Makan"]
[Black "Ulrich, Thomas"]
[Result "1-0"]
[WhiteElo "2151"]
[BlackElo "2005"]
[PlyCount "70"]
[EventDate "2013.07.25"]
[EventType "swiss"]
[EventRounds "7"]
[EventCountry "GER"]

{DWZ 2132 DWZ ---} 1. e4 e5 2. f4 d5 3. exd5 exf4 4. Nf3 Nf6 5. Bb5+ c6 6. dxc6
Nxc6 7. d4 Bd6 8. O-O O-O 9. c4 Bg4 10. Nc3 Rc8 11. Ne2 Nh5 12. Kh1 a6 13. Ba4
h6 14. Bc2 Ne7 15. b3 Re8 16. Bd2 g5 17. Be4 Qd7 18. Qc2 Bf5 19. Nc3 Bxe4 20.
Nxe4 Qf5 21. Rae1 Ng6 22. Qb1 Bb8 23. d5 g4 24. Nd4 Ng3+ 25. hxg3 Qh5+ 26. Kg1
Rxe4 27. Qxe4 fxg3 28. Rf6 Ba7 29. Be3 Rc7 30. d6 Rc5 31. d7 Re5 32. d8=Q+ Kg7
33. Nf5+ Rxf5 34. Rxf5 Bxe3+ 35. Qxe3 Qxf5 1-0

[Event "Vellmarer Schachtage 5th op  A"]
[Site "Vellmar"]
[Date "2013.07.26"]
[Round "2.13"]
[White "Meyner, Hannes"]
[Black "Stoll, Katja"]
[Result "1-0"]
[WhiteElo "2251"]
[BlackElo "1763"]
[PlyCount "120"]
[EventDate "2013.07.25"]
[EventType "swiss"]
[EventRounds "7"]
[EventCountry "GER"]

{DWZ 2189 DWZ 1700} 1. d4 d5 2. c4 c6 3. Nf3 Nf6 4. e3 e6 5. Nc3 Nbd7 6. Qc2 a6
7. b3 Bd6 8. Bd3 O-O 9. O-O Re8 10. Bb2 dxc4 11. Bxc4 b5 12. Bd3 Bb7 13. Ng5 g6
14. Nce4 Qe7 15. Nxd6 Qxd6 16. e4 c5 17. f4 Qe7 18. Rae1 cxd4 19. Bxd4 Rac8 20.
Qf2 Nc5 21. Bb1 h6 22. f5 Ng4 23. fxg6 fxg6 24. Qf4 e5 25. Qxg4 Qxg5 26. Qxg5
hxg5 27. Bb2 Rcd8 28. Rf3 Kg7 29. b4 Nxe4 30. Ba1 Nd6 31. Ref1 Rd7 32. a3 Nc4
33. Ba2 Be4 34. Rg3 Kh6 35. Rh3+ Kg7 36. Re1 Bxg2 37. Rg3 Bb7 38. Bxc4 bxc4 39.
Bxe5+ Kf7 40. Rf1+ Kg8 41. Rxg5 Re6 42. Bf6 Kh7 43. Rg4 Re4 44. Rxe4 Bxe4 45.
Rf4 Bd3 46. Kf2 Rd5 47. Ke3 g5 48. Rf2 Kg6 49. Bc3 Bf5 50. Bd4 Rd6 51. a4 Re6+
52. Kd2 Bd3 53. b5 axb5 54. axb5 Rd6 55. Kc3 Rd5 56. Rb2 Rd7 57. b6 Rb7 58. Rf2
Rb8 59. Rf6+ Kh5 60. Rf5 Rb7 1-0

[Event "Vellmarer Schachtage 5th op  A"]
[Site "Vellmar"]
[Date "2013.07.26"]
[Round "2.14"]
[White "Niekrens, Stefan"]
[Black "Pogan, Nikolas"]
[Result "0-1"]
[WhiteElo "1952"]
[BlackElo "2284"]
[PlyCount "58"]
[EventDate "2013.07.25"]
[EventType "swiss"]
[EventRounds "7"]
[EventCountry "GER"]

{DWZ 1941 DWZ 2262} 1. e4 e6 2. Nf3 d5 3. Nc3 Nf6 4. e5 Nfd7 5. d4 c5 6. dxc5
Bxc5 7. Bd3 Nc6 8. Bf4 a6 9. O-O Be7 10. Re1 b5 11. Ne2 g5 12. Bg3 Qb6 13. Nc3
Nc5 14. a4 b4 15. a5 Nxa5 16. Nxd5 exd5 17. e6 Bxe6 18. Be5 Nxd3 19. Qxd3 O-O
20. Nxg5 Bxg5 21. Qg3 f6 22. Bc7 Qc6 23. Bxa5 Kh8 24. Bxb4 Rg8 25. c3 Bf5 26.
f4 Bh6 27. Qh4 d4 28. g3 dxc3 29. Qxh6 cxb2 0-1

[Event "Vellmarer Schachtage 5th op  A"]
[Site "Vellmar"]
[Date "2013.07.26"]
[Round "2.15"]
[White "Rafiee, Kayvan"]
[Black "Angskog, Kent"]
[Result "0-1"]
[WhiteElo "1942"]
[BlackElo "2219"]
[PlyCount "58"]
[EventDate "2013.07.25"]
[EventType "swiss"]
[EventRounds "7"]
[EventCountry "GER"]

{DWZ 1801 DWZ ---} 1. e4 g6 2. d4 Bg7 3. Nc3 d6 4. f4 a6 5. a4 Nf6 6. Nf3 c5 7.
d5 O-O 8. Be2 e6 9. O-O exd5 10. exd5 Re8 11. Nd2 Nbd7 12. a5 b5 13. axb6 Nxb6
14. Nc4 Nxc4 15. Bxc4 Qb6 16. Be2 Bd7 17. Kh1 c4 18. Bf3 Re7 19. Rb1 Rae8 20.
Bd2 Bf5 21. Be1 Qe3 22. Bg3 h5 23. Re1 Qc5 24. h3 Rxe1+ 25. Bxe1 Qe3 26. Bd2
Qf2 27. Kh2 Ng4+ 28. Bxg4 hxg4 29. Be1 g3+ 0-1

[Event "Vellmarer Schachtage 5th op  A"]
[Site "Vellmar"]
[Date "2013.07.26"]
[Round "2.16"]
[White "Jellema, Yme Jan"]
[Black "Ziegenfuss, Holger"]
[Result "1-0"]
[WhiteElo "2217"]
[BlackElo "1959"]
[PlyCount "67"]
[EventDate "2013.07.25"]
[EventType "swiss"]
[EventRounds "7"]
[EventCountry "GER"]

{DWZ --- DWZ 1865} 1. e4 e5 2. Nf3 d6 3. Nc3 Be7 4. d4 Nd7 5. Nd5 Ngf6 6. Nxe7
Qxe7 7. Bd3 O-O 8. O-O Re8 9. b3 Nf8 10. Ba3 Ng6 11. Re1 Bg4 12. h3 Bd7 13. c4
c5 14. dxc5 dxc5 15. Nd2 Rad8 16. Qc2 Nh5 17. Rad1 Nhf4 18. Bf1 Ne6 19. Nb1 Nd4
20. Qc1 b6 21. f4 Qh4 22. f5 Nf4 23. Re3 Qh6 24. Kh2 Bc6 25. Nc3 Nh5 26. Red3
Nf4 27. Rg3 Kh8 28. b4 cxb4 29. Bxb4 Qh5 30. Rg4 g6 31. fxg6 Rg8 32. Be7 Bd7
33. Bf6+ Rg7 34. Rxf4 1-0

[Event "Vellmarer Schachtage 5th op  A"]
[Site "Vellmar"]
[Date "2013.07.26"]
[Round "2.18"]
[White "Blom, Vincent"]
[Black "Hilgert, Viktor"]
[Result "1-0"]
[WhiteElo "2167"]
[BlackElo "1951"]
[PlyCount "49"]
[EventDate "2013.07.25"]
[EventType "swiss"]
[EventRounds "7"]
[EventCountry "GER"]

{DWZ --- DWZ 1647} 1. g3 d5 2. Bg2 Nf6 3. Nf3 c6 4. O-O Bf5 5. Nh4 e6 6. Nxf5
exf5 7. c4 Nbd7 8. cxd5 cxd5 9. Qa4 a6 10. Nc3 b5 11. Qf4 Nb6 12. Qxf5 Be7 13.
b3 O-O 14. Bb2 b4 15. Nd1 Rc8 16. Qd3 a5 17. Ne3 Re8 18. Nf5 Bf8 19. Rac1 Rxc1
20. Rxc1 g6 21. Ne3 Ne4 22. Qd4 f6 23. d3 Nc3 24. Bxc3 bxc3 25. Rxc3 1-0

[Event "Vellmarer Schachtage 5th op  A"]
[Site "Vellmar"]
[Date "2013.07.26"]
[Round "2.19"]
[White "Humburg, Philipp"]
[Black "Schaefer, Annabelle"]
[Result "1-0"]
[WhiteElo "2054"]
[BlackElo "1930"]
[PlyCount "53"]
[EventDate "2013.07.25"]
[EventType "swiss"]
[EventRounds "7"]
[EventCountry "GER"]

{DWZ 2071 DWZ 1842} 1. e4 e5 2. Nf3 Nf6 3. Nxe5 d6 4. Nf3 Nxe4 5. Nc3 Nxc3 6.
dxc3 Be7 7. Be3 Nc6 8. Qd2 Be6 9. h4 h6 10. h5 Bf6 11. Nd4 Nxd4 12. cxd4 c6 13.
Be2 Qd7 14. O-O-O a5 15. Kb1 a4 16. a3 b5 17. Rhg1 Bg4 $11 18. Rde1 Kd8 19. Qb4
Bxe2 20. Rxe2 Be7 21. Bf4 d5 22. Qc3 Qb7 23. Qg3 Bf6 24. Bxh6 Rxh6 25. Qd6+ Qd7
26. Qf8+ Kc7 27. Qxa8 1-0

[Event "Vellmarer Schachtage 5th op  A"]
[Site "Vellmar"]
[Date "2013.07.26"]
[Round "2.20"]
[White "Eriksson, Magnus"]
[Black "Rehbein, Ullrich"]
[Result "1/2-1/2"]
[WhiteElo "2060"]
[BlackElo "1822"]
[PlyCount "36"]
[EventDate "2013.07.25"]
[EventType "swiss"]
[EventRounds "7"]
[EventCountry "GER"]

{DWZ --- DWZ 1654} 1. d4 Nf6 2. c4 c5 3. d5 g6 4. Nc3 d6 5. e4 Bg7 6. Be2 O-O
7. Bg5 Na6 8. Qd2 Rb8 9. h3 Nc7 10. Nf3 a6 11. a4 b5 12. axb5 axb5 13. cxb5 Bd7
14. e5 dxe5 15. d6 exd6 16. Qxd6 Bxb5 17. Nxb5 Nxb5 18. Qxc5 Nd5 1/2-1/2

[Event "Vellmarer Schachtage 5th op  A"]
[Site "Vellmar"]
[Date "2013.07.26"]
[Round "2.21"]
[White "Wesslen, Ulf"]
[Black "Engel, Luis"]
[Result "1/2-1/2"]
[WhiteElo "2050"]
[BlackElo "1765"]
[PlyCount "87"]
[EventDate "2013.07.25"]
[EventType "swiss"]
[EventRounds "7"]
[EventCountry "GER"]

{DWZ --- DWZ 1791} 1. e4 c5 2. Nf3 d6 3. d4 cxd4 4. Nxd4 Nf6 5. Nc3 a6 6. Bg5
e6 7. f4 h6 8. Bh4 Qb6 9. Qd3 Nbd7 10. O-O-O Be7 11. Be2 Nxe4 12. Nxe4 Bxh4 13.
Nxe6 fxe6 14. Nxd6+ Ke7 15. Nxc8+ Rhxc8 16. Qxd7+ Kf8 17. Bg4 Bf6 18. Qd6+ Qxd6
19. Rxd6 Rc4 20. Bxe6 Rxf4 21. Rhd1 Rf2 22. Bd5 Rc8 23. c3 b5 24. Rd7 b4 25.
Rf7+ Ke8 26. Re1+ Kd8 27. Rf8+ Kc7 28. Re7+ Kd6 29. Rxc8 Kxe7 30. cxb4 Rxb2 31.
a3 Kd6 32. Bf3 Ra2 33. Rc6+ Ke7 34. Rxa6 Bb2+ 35. Kc2 Rxa3 36. Rb6 Bf6 37. b5
Ra2+ 38. Kd3 Rb2 39. Kc4 Kd7 40. Kd5 Kc7 41. Rc6+ Kb7 42. Kc4 Rc2+ 43. Kd3 Rxc6
44. bxc6+ 1/2-1/2

[Event "Vellmarer Schachtage 5th op  A"]
[Site "Vellmar"]
[Date "2013.07.26"]
[Round "2.22"]
[White "Flick, Antoine"]
[Black "Marth, Juergen"]
[Result "1-0"]
[WhiteElo "1909"]
[BlackElo "2058"]
[PlyCount "143"]
[EventDate "2013.07.25"]
[EventType "swiss"]
[EventRounds "7"]
[EventCountry "GER"]

{DWZ --- DWZ 1814} 1. d4 Nf6 2. Nf3 g6 3. c4 Bg7 4. Nc3 d5 5. cxd5 Nxd5 6. e4
Nxc3 7. bxc3 c5 8. Bb5+ Nd7 9. a4 O-O 10. O-O a6 11. Be2 b6 12. Be3 Nf6 13. Qd3
Bb7 14. d5 e6 15. Bg5 h6 16. Bxf6 Qxf6 17. e5 Qf5 18. Qxf5 gxf5 19. dxe6 fxe6
20. Rad1 Rad8 21. Nh4 Bxe5 22. Ng6 Bxc3 23. Nxf8 Rxf8 24. Rd6 b5 25. axb5 axb5
26. Bxb5 Bd5 27. Rd1 Rb8 28. Bd3 Ba2 29. Rd7 Bd4 30. Rf1 Rb2 31. Ba6 Rd2 32.
Rc7 Bd5 33. Rb1 Bg7 34. Rxc5 Kf7 35. Rcc1 Bd4 36. Rf1 Kf6 37. Rbe1 Ra2 38. Bd3
Rd2 39. Be2 e5 40. Kh1 f4 41. f3 Kg5 42. Bb5 Rb2 43. Rb1 Rd2 44. Rfe1 Ba8 45.
Re2 Rxe2 46. Bxe2 Bc6 47. Rb8 Bd5 48. Bd3 Kf6 49. Rh8 Kg5 50. Rd8 Be6 51. Rd6
Bf7 52. Be4 Be8 53. Ra6 Bf7 54. Rc6 Be3 55. Bd3 Bd4 56. Be4 Be3 57. g3 fxg3 58.
hxg3 h5 59. Kg2 Bd4 60. Kh3 Be3 61. Rd6 Bc5 62. Ra6 Bd4 63. Bb1 Be8 64. Bc2
Bd7+ 65. Kg2 Be8 66. Ba4 Bf7 67. Kh3 Bc3 68. Rd6 Bb4 69. f4+ exf4 70. gxf4+ Kf5
71. Bc2+ Kxf4 72. Rd4+ 1-0

[Event "Vellmarer Schachtage 5th op  A"]
[Site "Vellmar"]
[Date "2013.07.26"]
[Round "2.23"]
[White "Schnegelsberg, Karl-Heinz"]
[Black "Kies, Wolfgang"]
[Result "1-0"]
[WhiteElo "2004"]
[BlackElo "1916"]
[PlyCount "47"]
[EventDate "2013.07.25"]
[EventType "swiss"]
[EventRounds "7"]
[EventCountry "GER"]

{DWZ 1855 DWZ 1811} 1. Nf3 d5 2. g3 Nf6 3. Bg2 c5 4. O-O Nc6 5. d3 e5 6. Nbd2
Bd6 7. e4 d4 8. Nc4 O-O 9. Nh4 Be6 10. Nf5 Bxf5 11. exf5 Qd7 12. f4 exf4 13.
Nxd6 Qxd6 14. Bxf4 Qd7 15. Bg5 Nd5 16. Qf3 Nc7 17. f6 gxf6 18. Bxf6 Ne8 19. Bg5
f6 20. Rae1 Qf7 21. Bf4 Rd8 22. Bh6 Ng7 23. Qg4 Rde8 24. Bd5 1-0